[Event "Aragon-chT Preferente Gr II"]
[Site "Aragon"]
[Date "2023.03.18"]
[Round "8.63"]
[White "Garcia Alvarez, Sergio"]
[Black "Munoz Valles, Jorge"]
[Result "1-0"]
[WhiteElo "1722"]
[BlackElo "1838"]
[PlyCount "97"]
[EventDate "2023.01.28"]
[EventType "team-tourn"]
[EventRounds "9"]
[EventCountry "ESP"]
[SourceTitle "EXT 2024"]
[Source "ChessBase"]
[SourceDate "2023.10.10"]
[SourceVersion "1"]
[SourceVersionDate "2023.10.10"]
[SourceQuality "1"]
[WhiteTeam "Actur Rey Fernando"]
[BlackTeam "El Olivar II"]
[WhiteTeamCountry "ESP"]
[BlackTeamCountry "ESP"]

1. b3 e5 2. Bb2 d6 3. e3 Nf6 4. d3 g6 5. Nd2 Bg7 6. g3 c6 7. Bg2 Qc7 8. Ne2 0-0 9. h3 a5 10. a3 Be6 11. 0-0 Na6 12. Kh2 Nd5 13. e4 Ne7 14. d4 f5 15. f4 exf4 16. Nxf4 Bf7 17. c3 fxe4 18. Bxe4 Rae8 19. Qc2 Nb8 20. Rae1 Nd7 21. Bd3 Nf6 22. Ne4 Nfd5 23. Nxd5 Bxd5 24. c4 Bxe4 25. Rxf8+ Rxf8 26. Bxe4 Qd8 27. Qe2 Qb6 28. Qe3 d5 29. c5 Qd8 30. Bc2 Nc8 31. Qe6+ Kh8 32. Kg2 Qc7 33. h4 Bf6 34. h5 g5 35. Qf5 h6 36. Re6 Qg7 37. Rxf6 Rxf6 38. Qxc8+ Rf8 39. Qe6 Rf6 40. Qe3 Qf8 41. Bc3 Qd8 42. Qe5 Kg8 43. Bxa5 Qf8 44. Qe3 g4 45. Bc7 Qf7 46. Bf4 Qxh5 47. Kg1 Kf7 48. Qd3 Kf8 49. Qh7 1-0

[Event "Aragon-chT Preferente Gr II"]
[Site "Aragon"]
[Date "2023.02.25"]
[Round "5.71"]
[White "Garcia Alvarez, Sergio"]
[Black "Sancho Casale, Jesus"]
[Result "1/2-1/2"]
[WhiteElo "1722"]
[BlackElo "1933"]
[PlyCount "84"]
[EventDate "2023.01.28"]
[EventType "team-tourn"]
[EventRounds "9"]
[EventCountry "ESP"]
[SourceTitle "EXT 2024"]
[Source "ChessBase"]
[SourceDate "2023.10.10"]
[SourceVersion "1"]
[SourceVersionDate "2023.10.10"]
[SourceQuality "1"]
[WhiteTeam "Actur Rey Fernando"]
[BlackTeam "Tauste"]
[WhiteTeamCountry "ESP"]
[BlackTeamCountry "ESP"]

1. b3 e5 2. Bb2 Nc6 3. e3 d5 4. d3 Nf6 5. g3 Bc5 6. Bg2 0-0 7. h3 Be6 8. Ne2 Qd7 9. Nd2 Rfe8 10. a3 Rad8 11. Nf3 Bd6 12. g4 Kh8 13. Ng5 h6 14. Nxe6 Qxe6 15. Ng3 d4 16. e4 Ne7 17. Nf5 Ng6 18. h4 Nf4 19. Kf1 Ng8 20. Bc1 c5 21. g5 b5 22. Bxf4 exf4 23. Bh3 Qe5 24. Qf3 c4 25. Rg1 g6 26. Nxd6 Rxd6 27. Rg4 Kg7 28. Rxf4 Re7 29. Qg3 h5 30. Rf3 Rc6 31. Qxe5+ Rxe5 32. bxc4 bxc4 33. a4 cxd3 34. cxd3 Rc3 35. Bg2 Rec5 36. Bh3 Ne7 37. Rb1 Rc1+ 38. Rxc1 Rxc1+ 39. Kg2 Nc6 40. Rf6 Rc3 41. Rd6 Ne5 42. Rxd4 Nxd3 1/2-1/2